| 000 | 00720nam a2200205 i 4500 | ||
|---|---|---|---|
| 001 | 79131 | ||
| 003 | ES-MaACL | ||
| 005 | 20230906173916.0 | ||
| 007 | t| | ||
| 008 | 041019s1975 sp ||||1| spa d | ||
| 100 | 1 |
_aHenderson, James M. _962519 |
|
| 245 | 1 | 0 |
_aTeoría microeconómica _b: una aproximación matemática / _cpor James M. Henderson, Richard E. Quandt ; prólogo de Emilio de Figueroa ; traduccion de José Ramón Lasuen. |
| 250 | _a2ª ed. rev. y aum. | ||
| 260 |
_aBarcelona : _bAriel, _c[1975] |
||
| 300 |
_aXVI, 499 p. ; _c23 cm. |
||
| 700 | 1 |
_aQuandt, Ricahrd E. _994483 |
|
| 700 | 1 |
_aFigueroa, Emilio de. _950780 |
|
| 700 | 1 |
_aLasuén, José Ramón. _970506 |
|
| 852 |
_aES-MaACL _jE-9739 _bR.94016 |
||
| 999 |
_c79131 _d79131 |
||